Guide to Data and Sources for Measures of GNP by Sector of Origin

Salvato in:
Dettagli Bibliografici
Natura: Libro
Lingua:inglese
Pubblicazione: New York L.W. International Financial Research 1983
Edizione:1. ed.
Serie:Research Project on National Income in East Central Europe
Soggetti:
Tags: Aggiungi Tag
Nessun Tag, puoi essere il primo ad aggiungerne!!

MARC

LEADER 00000nam a2200000 4500
001 c013402
005 20221207074627.0
041 0 |a eng 
044 |a US 
245 1 0 |a Guide to Data and Sources for Measures of GNP by Sector of Origin 
250 |a 1. ed. 
264 1 |a New York  |b L.W. International Financial Research  |c 1983 
300 |a 326 s. 
490 1 |a Research Project on National Income in East Central Europe 
830 0 |a Research Project on National Income in East Central Europe 
610 2 0 |a produkt národný hrubý 
610 2 0 |a produkt národný čistý 
610 2 0 |a údaje štatistické 
610 2 0 |a východná Európa